• 首页
  • 本馆介绍
  • 公告通知
  • 最新文献
  • 馆藏检索
  • 电子资源
  • 读者导购
  • 参考咨询
  • 我的图书馆
  • 登录
  • 详细信息显示
  • 放入我的书架
  • 预约/预借图书
  • 作者相关作品
  • 分类相关作品
  • 丛书相关作品
  • 出版社相关作品

书目信息

  • 表格格式
  • 工作单格式
  • 卡片格式
题名:
淮南子
    
 
作者: 刘安 著 ;沈雁冰 , 卢福咸 选注
分册:  
出版信息: 武汉   崇文书局  2014
页数: 10,149页
开本: 21cm
丛书名:
单 册:
中图分类: B234.4
科图分类:
主题词: 杂家--中国--西汉时代
电子资源:
ISBN: 978-7-5403-3447-5
000 00873nam0 2200265 450
001 2358899476
005 20231222091027.06
010    @a978-7-5403-3447-5@dCNY29.80
100    @a20141027d2014 em y0chiy50 ea
101 0  @achi
102    @aCN@b420000
105    @ay z 000yy
200 1  @a淮南子@Ahuai nan zi@f沈雁冰选注@g卢福咸校订
210    @a武汉@c崇文书局@d2014
215    @a10,149页@d21cm
300    @a民国国学文库
330    @a本书以浙江局刻庄鸿逵校本刘文典《淮南鸿烈集解》为底本,辑《淮南子》俶真、览冥、精神、齐俗、道应、诠言、人间、要略诸篇。
605    @a《淮南子》@x注释
606 0  @a杂家@y中国@z西汉时代
690    @aB234.4@v5
701  0 @c(汉)@a刘安@Aliu an@f(前179-前122)@4著
702  0 @a沈雁冰@Ashen yan bing@4选注
702  0 @a卢福咸@Alu fu xian@4校订
801  0 @aCN@b大连网信软件有限公司图书馆·11@c20231222
905    @aBZT@dB234.4@e22
    
    淮南子/沈雁冰选注/卢福咸校订.-武汉:崇文书局,2014
    10,149页;21cm
    民国国学文库
    
    ISBN 978-7-5403-3447-5:CNY29.80
    本书以浙江局刻庄鸿逵校本刘文典《淮南鸿烈集解》为底本,辑《淮南子》俶真、览冥、精神、齐俗、道应、诠言、人间、要略诸篇。
●
相关链接 在五车中查询图书 在当当中查询图书 在豆瓣中查询图书


正题名:淮南子     索取号:B234.4/22         预约/预借

序号 登录号 条形码 馆藏地/架位号 状态 备注
1 2001025053   2001025053   第四书库/四1架B面1层3列/ [索取号:B234.4/22] 在馆    
2 2001025054   2001025054   第四书库/四1架B面1层3列/ [索取号:B234.4/22] 在馆    
3 2001025055   2001025055   第四书库/四1架B面1层3列/ [索取号:B234.4/22] 在馆    
4 2001025056   2001025056   第四书库/四1架B面1层3列/ [索取号:B234.4/22] 在馆    
5 2001025057   2001025057   第四书库/四1架B面1层3列/ [索取号:B234.4/22] 在馆    
6 2001025058   2001025058   第四书库/四1架B面1层3列/ [索取号:B234.4/22] 在馆    
山东省滨州职业学院图书馆 欢迎您!
大连网信软件有限公司© 版权所有